01543pab a2200193 454500008004000000100001800040245013400058260000900192300001200201362001000213520087700223650003101100650002901131650002401160773003401184909001001218999001701228952010401245180718b2001 xxu||||| |||| 00| 0 eng d aKumar, Nagesh aWTO regime, host country policies and global patterns of MNE activity: recent quantitative studies and India's strategic response c2001 ap.39-50 a6 Jan aWhile in general it is admitted that host governments' policies may play an important role in extracting the benefits of FDI for development, a more exact analysis of the relative role of different policy measures in shaping the magnitudes and quality of FDI inflows is not available. Such an analysis has become even more important now in the context of the new international trading regime under the aegis of the WTO which covers issues which have an important bearing on the ability of national governments in regulating the patterns of FDI inflows. This paper presents some findings of a comprehensive attempt to quantitatively analyse the role of structural, geographical and policy factors in shaping the patterns of MNE activity. The focus is on the role of host government policies and on the implications of the emerging WTO regime in their light. - Reproduced aTransnational corporations aWorld Trade Organization aInternational trade aEconomic and Political Weekly a47439 c47439d47439 00104070aIIPAbIIPAd2018-07-19hVolume no: 36, Issue no: 1pAR47867r2018-07-19w2018-07-19yAR